Vývoj cien a životných nákladov v SSR v roku 1987

Na minha lista:
Detalhes bibliográficos
Formato: Livro
Idioma:eslovaco
Publicado em: Bratislava Slovenský štatistický úrad 1988
Tags: Adicionar Tag
Sem tags, seja o primeiro a adicionar uma tag!

MARC

LEADER 00000nam a2200000 4500
001 c033528
005 20240116074610.4
041 0 |a slo 
044 |a SK 
245 1 0 |a Vývoj cien a životných nákladov v SSR v roku 1987 
264 1 |a Bratislava  |b Slovenský štatistický úrad  |c 1988 
300 |a 22 s.